Statystyki dla Historia Transerfów Ibrahimovicia

Kliknij tutaj aby rozwiązać quiz!

Ogólne statystyki

  • Ten quiz został rozwiązany 178 razy
    (128 od ostatniego zresetowania)
  • Średni wynik to 10 z 11

Statystyki odpowiedzi

PodpowiedźOdpowiedź% Poprawnych
2011-2012AC Milan
99%
2010-2011 WYP.AC Milan
99%
2020-2023AC Milan
99%
2009-2011Barcelona
97%
2012-2016PSG
97%
2006-2009Inter
96%
2016-2018Manchester United
87%
2001-2004Ajax Amsterdam
80%
2004-2006Juventus
76%
2018-2019LA Galaxy
76%
1999-2001Malmö
75%

Rozkład punktacji

Percentyl według liczby udzielonych odpowiedzi

Procent ludzi z każdym wynikiem

Twoja historia wyników

Nie rozwiązałeś tego quizu od ostatniego zresetowania